000 01201nam a22002057a 4500
003 LK-CoMWRAF
005 20260225124312.0
008 260225b |||||||| |||| 00| 0 eng d
020 _a9789556250541
040 _aLK-CoMWRAF
_dLK-CoMWRAF
_eLK-CoMWRAF
041 _aeng
082 _a346
_bSIR
100 _aசிறிபால, நிமல்
245 _aஇலங்கை முஸ்லிம்களின் சனத்தொகை அதிகரிப்புப் பற்றிப் பரப்பப்பட்டு வரும் கட்டுக்கதைகளின் முடிச்சவிழ்த்தல்
260 _aColombo :
_bMuslim women's research and action forum
650 _aஇலங்கை முஸ்லிம்களின் சனத்தொகை அதிகரிப்புப் பற்றிப் பரப்பப்பட்டு வரும் கட்டுக்கதைகளன்
650 _aஇலங்கை முஸ்லிம்களின் சனத்தொகை அதிகரிப்பு
650 _aஇலங்கையில் முஸ்லிம்கள்
942 _cBK
999 _c4976
_d4976